Counties that Start with E - Statistics

General Stats
  • This quiz has been taken 62 times
  • The average score is 25 of 61
Answer Stats
County State % Correct
Edwards Illinois
72%
Edwards Kansas
72%
Edwards Texas
72%
Ellis Kansas
72%
Ellis Oklahoma
72%
Ellis Texas
72%
Evans Georgia
72%
Elk Kansas
67%
Elk Pennsylvania
67%
Elko Nevada
67%
Essex Massachusetts
67%
Essex New Jersey
67%
Essex New York
67%
Essex Vermont
67%
Essex Virginia
67%
El Paso Colorado
61%
El Paso Texas
61%
Erie New York
56%
Erie Ohio
56%
Erie Pennsylvania
56%
Early Georgia
44%
East Baton Rouge Louisiana
44%
Effingham Georgia
44%
Effingham Illinois
44%
Emmet Iowa
44%
Emmet Michigan
44%
Eagle Colorado
39%
Eddy New Mexico
39%
Eddy North Dakota
39%
El Dorado California
39%
Eureka Nevada
39%
Eaton Michigan
33%
Eau Claire Wisconsin
33%
Edgar Illinois
33%
Elkhart Indiana
33%
Elmore Alabama
33%
Elmore Idaho
33%
Etowah Alabama
33%
East Carroll Louisiana
28%
Eastland Texas
28%
Edmonson Kentucky
28%
Elbert Colorado
28%
Elbert Georgia
28%
Elliott Kentucky
28%
Ellsworth Kansas
28%
Emmons North Dakota
28%
Erath Texas
28%
Esmeralda Nevada
28%
East Feliciana Louisiana
22%
Echols Georgia
22%
Ector Texas
22%
Edmunds South Dakota
22%
Emery Utah
22%
Estill Kentucky
22%
Edgefield South Carolina
17%
Emanuel Georgia
17%
Evangeline Louisiana
17%
Edgecombe North Carolina
11%
Escambia Alabama
11%
Escambia Florida
11%
Emporia Virginia
6%
No matching quizzes found
Score Distribution
Percent of People with Each Score
Percentile by Number Answered
Your Score History
You have not taken this quiz